000 00640nam a2200277Ia 4500
005 20260324125730.0
008 008 260324s9999 xx 000 0 eng d
020 _a9780203890660
037 _aEBOOK
040 _aCRL
040 _beng
040 _cCRL
041 _2eng
041 _aeng
084 _qCRL
100 _aPhil Jones; Ditty Dokter
_91179103
245 0 _aSupervision of Dramatherapy
260 _bTaylor and Francis
260 _c2008
365 _a
365 _b160
856 _uhttp://www.taylorfrancis.com/books/9780203890660
942 _cEBOOK
999 _c1774635
_d1774635